[Event "Vilafranca del Penedes op 12th"]
[Site "Vilafranca del Penedes"]
[Date "2018.05.18"]
[Round "7"]
[White "Vilella Bertran, Joan"]
[Black "Domingo Basora, Sergi"]
[Result "1-0"]
[WhiteElo "1993"]
[BlackElo "1905"]
[PlyCount "135"]
[EventDate "2018.04.06"]
[EventType "swiss"]
[EventRounds "8"]
[EventCountry "ESP"]
[SourceTitle "CBM 184 Extra"]
[Source "ChessBase"]
[SourceDate "2018.06.28"]
[SourceVersion "1"]
[SourceVersionDate "2018.06.28"]
[SourceQuality "1"]

1. c4 e5 2. Nc3 Nc6 3. g3 f5 4. Bg2 Nf6 5. a3 g6 6. b4 Bg7 7. b5 Ne7 8. Qb3 c6 9. c5 d5 10. cxd6 Qxd6 11. a4 Be6 12. Qa3 c5 13. Bxb7 Rd8 14. Bg2 Ned5 15. Nxd5 Nxd5 16. Bxd5 Bxd5 17. f3 h5 18. Bb2 h4 19. Nh3 hxg3 20. hxg3 Bxf3 21. Qxf3 Qxd2+ 22. Kf2 e4 23. Qb3 Bxb2 24. Qe6+ Kf8 25. Nf4 Bd4+ 26. Kg2 Bxa1 27. Rxa1 Qd6 28. Nxg6+ Kg7 29. Qxd6 Rxd6 30. Nxh8 Kxh8 31. Rc1 Rd5 32. Rc4 Kg7 33. g4 Kf6 34. gxf5 Kxf5 35. Kg3 Ke5 36. a5 Rd7 37. Rxc5+ Kd4 38. Rc2 Ke3 39. Rb2 Rg7+ 40. Kh4 Kf4 41. Kh3 Ke3 42. b6 axb6 43. axb6 Rb7 44. Kg4 Kd4 45. Kf5 Kd5 46. e3 Rf7+ 47. Kg6 Rb7 48. Kf6 Kd6 49. Rb4 Kc5 50. Rxe4 Rxb6+ 51. Re6 Rb1 52. Re5+ Kd6 53. e4 Re1 54. Rd5+ Kc6 55. Ke5 Kc7 56. Rd4 Kc6 57. Ke6 Kc5 58. Rd5+ Kc6 59. e5 Kc7 60. Ke7 Kc8 61. e6 Kc7 62. Rc5+ Kb6 63. Rc2 Rd1 64. Ke8 Kb7 65. e7 Rf1 66. Rc5 Rf2 67. Rc4 Rf1 68. Kd7 1-0

[Event "Vilafranca del Penedes op 12th"]
[Site "Vilafranca del Penedes"]
[Date "2018.05.04"]
[Round "5"]
[White "Palma Cancino, Jose Pablo"]
[Black "Domingo Basora, Sergi"]
[Result "0-1"]
[WhiteElo "1870"]
[BlackElo "1905"]
[PlyCount "98"]
[EventDate "2018.04.06"]
[EventType "swiss"]
[EventRounds "8"]
[EventCountry "ESP"]
[SourceTitle "CBM 184 Extra"]
[Source "ChessBase"]
[SourceDate "2018.06.28"]
[SourceVersion "1"]
[SourceVersionDate "2018.06.28"]
[SourceQuality "1"]

1. d4 Nf6 2. Bf4 g6 3. e3 Bg7 4. Nf3 d6 5. h3 0-0 6. Be2 c5 7. 0-0 Nc6 8. c3 Be6 9. Nbd2 Qb6 10. Qc2 Rac8 11. Rac1 cxd4 12. exd4 Nd5 13. Nc4 Qc7 14. Bh2 Bh6 15. Ncd2 Bf5 16. Bd3 Ncb4 17. cxb4 Qxc2 18. Bxc2 Rxc2 19. Rxc2 Bxc2 20. a3 f5 21. h4 f4 22. Re1 b6 23. Ne4 Bxe4 24. Rxe4 Rc8 25. Kf1 Rc1+ 26. Re1 Rc4 27. Re4 Kf7 28. g3 Kf6 29. g4 g5 30. h5 b5 31. Ne1 Bg7 32. Nf3 h6 33. Re2 Nb6 34. Rd2 Rc1+ 35. Kg2 Nc4 36. Re2 Rb1 37. d5 Kf7 38. Re6 Bf6 39. Nd4 Bxd4 40. Rxh6 Rxb2 41. Kf3 Bg7 42. Re6 Bf6 43. Ke4 Rxf2 44. Bg1 Re2+ 45. Kd3 Rxe6 46. dxe6+ Kxe6 47. a4 a6 48. axb5 axb5 49. Bd4 Ne5+ 0-1

[Event "Vilafranca del Penedes op 12th"]
[Site "Vilafranca del Penedes"]
[Date "2018.04.20"]
[Round "3"]
[White "Sirera Bargallo, Tomas"]
[Black "Domingo Basora, Sergi"]
[Result "1-0"]
[WhiteElo "2057"]
[BlackElo "1905"]
[PlyCount "79"]
[EventDate "2018.04.06"]
[EventType "swiss"]
[EventRounds "8"]
[EventCountry "ESP"]
[SourceTitle "CBM 184 Extra"]
[Source "ChessBase"]
[SourceDate "2018.06.28"]
[SourceVersion "1"]
[SourceVersionDate "2018.06.28"]
[SourceQuality "1"]

1. e4 e5 2. Nf3 Nc6 3. Bb5 a6 4. Ba4 Nf6 5. 0-0 Nxe4 6. Re1 Nc5 7. Bxc6 dxc6 8. Nxe5 Be7 9. b3 0-0 10. Bb2 Bf5 11. d3 Nd7 12. Qf3 Be6 13. Nd2 Nxe5 14. Bxe5 Bd6 15. Qg3 Bxe5 16. Rxe5 Qd4 17. Rae1 Rad8 18. Ne4 Kh8 19. Ng5 Rd6 20. h4 h6 21. Nxe6 Rxe6 22. Rxe6 fxe6 23. Rxe6 Qa1+ 24. Kh2 Qxa2 25. Qe5 Qa3 26. Rxh6+ Kg8 27. Rg6 Rf7 28. h5 Qb4 29. Qg5 Qb5 30. h6 Qxg5 31. Rxg5 Kh7 32. hxg7 Rxg7 33. Rxg7+ Kxg7 34. Kg3 Kf6 35. Kf4 b5 36. b4 Ke6 37. Ke4 c5 38. c3 cxb4 39. cxb4 c5 40. bxc5 1-0

[Event "Vilafranca del Penedes op 12th"]
[Site "Vilafranca del Penedes"]
[Date "2018.04.13"]
[Round "2"]
[White "Canales Garcia, Vicenc"]
[Black "Domingo Basora, Sergi"]
[Result "0-1"]
[WhiteElo "1990"]
[BlackElo "1905"]
[PlyCount "48"]
[EventDate "2018.04.06"]
[EventType "swiss"]
[EventRounds "8"]
[EventCountry "ESP"]
[SourceTitle "CBM 184 Extra"]
[Source "ChessBase"]
[SourceDate "2018.06.28"]
[SourceVersion "1"]
[SourceVersionDate "2018.06.28"]
[SourceQuality "1"]

1. e4 e5 2. Nf3 Nc6 3. Bb5 a6 4. Ba4 Nf6 5. d3 Be7 6. Bxc6 dxc6 7. Nxe5 0-0 8. h3 Re8 9. Nf3 Nh5 10. Be3 f5 11. exf5 Bf6 12. Nc3 Ng3 13. fxg3 Rxe3+ 14. Kf2 Bd4 15. Nxd4 Qxd4 16. Ne2 Rxe2+ 17. Kxe2 Bxf5 18. Kd2 Rd8 19. Qe2 Bxd3 20. c3 Qb6 21. Qe7 Qxb2+ 22. Ke1 Qxa1+ 23. Kd2 Qxa2+ 24. Ke1 Rf8 0-1

[Event "Tarragona-chA"]
[Site "Tarragona"]
[Date "2017.11.19"]
[Round "8"]
[White "Domingo Basora, Sergi"]
[Black "Alasa Maduell, Josep M"]
[Result "1-0"]
[WhiteElo "1963"]
[BlackElo "1756"]
[PlyCount "103"]
[EventDate "2017.10.08"]
[EventType "swiss"]
[EventRounds "9"]
[EventCountry "ESP"]
[SourceTitle "CBM 181 Extra"]
[Source "ChessBase"]
[SourceDate "2017.12.12"]
[SourceVersion "1"]
[SourceVersionDate "2017.12.12"]
[SourceQuality "1"]

1. d4 Nf6 2. c4 e5 3. dxe5 Ng4 4. Bf4 g5 5. Bd2 Bg7 6. Nf3 h6 7. Bc3 Nc6 8. e6 Bxc3+ 9. Nxc3 fxe6 10. e3 Nxf2 11. Kxf2 g4 12. Bd3 Qf6 13. Nb5 Kd8 14. Ke1 gxf3 15. gxf3 Qxb2 16. Be4 Qg2 17. Rf1 Qxh2 18. Nd4 Ke7 19. f4 Qg3+ 20. Ke2 Qh2+ 21. Rf2 Qh5+ 22. Nf3 b6 23. Qg1 Ba6 24. Bxc6 Bxc4+ 25. Kd1 dxc6 26. Qg7+ Kd6 27. e4 Qh1+ 28. Kc2 Qh5 29. Rd2+ Kc5 30. Qe7+ Kb5 31. Qa3 a5 32. Qc3 Qc5 33. Ne5 Bxa2 34. Rxa2 Qxc3+ 35. Kxc3 c5 36. Rd7 Rac8 37. f5 exf5 38. exf5 h5 39. Rb2+ Ka6 40. Ng6 Rh6 41. Ne7 Re8 42. Rxc7 h4 43. Nc8 Rxc8 44. Rxc8 h3 45. Rh2 Rf6 46. Rxh3 Rxf5 47. Rb8 a4 48. Rh4 Rf3+ 49. Kc4 Ka7 50. Rg8 a3 51. Kb5 Rb3+ 52. Kc6 1-0

[Event "Tarragona Province-chA"]
[Site "L'Hospitalet Infant"]
[Date "2016.10.30"]
[Round "5"]
[White "Domingo Basora, Sergi"]
[Black "Varona Mancilla, David"]
[Result "1-0"]
[WhiteElo "2025"]
[BlackElo "1825"]
[PlyCount "51"]
[EventDate "2016.10.02"]
[EventType "swiss"]
[EventRounds "9"]
[EventCountry "ESP"]
[SourceTitle "EXT 2018"]
[Source "ChessBase"]
[SourceDate "2017.10.13"]
[SourceVersion "1"]
[SourceVersionDate "2017.10.13"]
[SourceQuality "1"]

1. d4 d5 2. c4 e6 3. Nc3 Nf6 4. Bg5 Nbd7 5. e3 Bb4 6. Nf3 h6 7. Bh4 g5 8. Bg3 Ne4 9. Qc2 h5 10. h3 Nxg3 11. fxg3 c6 12. e4 Bxc3+ 13. bxc3 dxe4 14. Qxe4 Qc7 15. Ne5 Nxe5 16. dxe5 Qe7 17. Be2 Bd7 18. Rb1 0-0-0 19. Qe3 Qa3 20. 0-0 Rdg8 21. Rb3 Qxa2 22. Rfb1 b6 23. Rxb6 axb6 24. Qxb6 Qa8 25. c5 Be8 26. Rd1 1-0

[Event "Amposta Calbet Memorial"]
[Site "Amposta"]
[Date "2016.06.04"]
[Round "8"]
[White "Garcia Espelta, Josep"]
[Black "Domingo Basora, Sergi"]
[Result "1-0"]
[WhiteElo "1960"]
[BlackElo "1945"]
[PlyCount "95"]
[EventDate "2016.04.16"]
[EventType "swiss"]
[EventRounds "8"]
[EventCountry "ESP"]
[SourceTitle "CBM 172 Extra"]
[Source "ChessBase"]
[SourceDate "2016.06.21"]
[SourceVersion "1"]
[SourceVersionDate "2016.06.21"]
[SourceQuality "1"]

1. e4 c6 2. d4 d5 3. f3 e6 4. Nc3 Bb4 5. Bf4 Ne7 6. Qd3 Ng6 7. Be3 b6 8. Nge2 Nd7 9. 0-0-0 a5 10. Nf4 Bd6 11. Qd2 Bxf4 12. Bxf4 Nxf4 13. Qxf4 Nf8 14. Qg3 Ng6 15. h4 h5 16. exd5 exd5 17. Bd3 Qf6 18. Rhe1+ Kd8 19. Bxg6 fxg6 20. Re5 b5 21. Rde1 Ra7 22. Rg5 Re7 23. Rxe7 Qxe7 24. Nd1 Qc7 25. Rxg6 Qxg3 26. Rxg3 Rh7 27. Rg5 Ke7 28. Nf2 Kf6 29. Nd3 Bf5 30. Kd2 g6 31. Nf2 Re7 32. g4 hxg4 33. Nxg4+ Bxg4 34. Rxg4 Re6 35. Rg5 Kf7 36. Re5 Rf6 37. Ke3 Kg7 38. f4 Kh6 39. Kf3 Rd6 40. Kg4 Rf6 41. h5 gxh5+ 42. Rxh5+ Kg6 43. f5+ Kg7 44. Kg5 Rd6 45. f6+ Kf7 46. Rh7+ Kg8 47. Rc7 Re6 48. Kg6 1-0

[Event "Amposta Calbet Memorial"]
[Site "Amposta"]
[Date "2016.05.21"]
[Round "6"]
[White "Domingo Basora, Sergi"]
[Black "Chalmeta Torredemer, Enric"]
[Result "1-0"]
[WhiteElo "1945"]
[BlackElo "2007"]
[PlyCount "123"]
[EventDate "2016.04.16"]
[EventType "swiss"]
[EventRounds "8"]
[EventCountry "ESP"]
[SourceTitle "CBM 172 Extra"]
[Source "ChessBase"]
[SourceDate "2016.06.21"]
[SourceVersion "1"]
[SourceVersionDate "2016.06.21"]
[SourceQuality "1"]

1. d4 Nf6 2. c4 g6 3. Nc3 d5 4. cxd5 Nxd5 5. e4 Nxc3 6. bxc3 Bg7 7. Bc4 0-0 8. Ne2 c5 9. Be3 Nc6 10. 0-0 Bg4 11. f3 cxd4 12. cxd4 Bd7 13. Rb1 Na5 14. Bd5 Bc6 15. Bxc6 bxc6 16. Qa4 Qc7 17. Rfc1 Rab8 18. Rxb8 Rxb8 19. Bd2 Nb7 20. Rxc6 Qd7 21. Qxa7 Rd8 22. d5 e6 23. Rb6 Nc5 24. Qxd7 Nxd7 25. Rb5 Nf8 26. Bb4 exd5 27. Rxd5 Ra8 28. a3 Ne6 29. Rd2 h5 30. Kf2 Be5 31. g3 Rc8 32. Ke3 Bb8 33. Nc3 Ba7+ 34. Kd3 Nd4 35. Nd5 Rd8 36. Kc4 Rc8+ 37. Kd3 Kh7 38. f4 Nf3 39. Ra2 Bg1 40. a4 Nxh2 41. Rg2 Rc1 42. a5 Nf3 43. Bc3 Ba7 44. Rb2 Rg1 45. Rb7 Bc5 46. Rxf7+ Kg8 47. Rg7+ Kf8 48. Rxg6 h4 49. Rf6+ Ke8 50. gxh4 Nxh4 51. Kc4 Bf2 52. a6 Ng6 53. Bd4 Rc1+ 54. Nc3 Bxd4 55. Kxd4 Ne7 56. Nd5 Nc8 57. Ke5 Ra1 58. f5 Ra5 59. Re6+ Kd8 60. f6 Nd6 61. Rxd6+ Ke8 62. Ke6 1-0

[Event "Amposta Calbet Memorial"]
[Site "Amposta"]
[Date "2016.05.07"]
[Round "4"]
[White "Domingo Basora, Sergi"]
[Black "Rodriguez Adell, Aaron"]
[Result "1/2-1/2"]
[WhiteElo "1945"]
[BlackElo "2030"]
[PlyCount "37"]
[EventDate "2016.04.16"]
[EventType "swiss"]
[EventRounds "8"]
[EventCountry "ESP"]
[SourceTitle "CBM 172 Extra"]
[Source "ChessBase"]
[SourceDate "2016.06.21"]
[SourceVersion "1"]
[SourceVersionDate "2016.06.21"]
[SourceQuality "1"]

1. d4 Nf6 2. c4 e6 3. Nf3 d5 4. Nc3 Bb4 5. Bg5 Nbd7 6. e3 c5 7. cxd5 exd5 8. Be2 Qa5 9. 0-0 Bxc3 10. bxc3 c4 11. Qc2 0-0 12. Nd2 Re8 13. a4 Ne4 14. Nxe4 dxe4 15. Bh4 Nb6 16. Rfb1 Bd7 17. Rb4 Rac8 18. Ra3 Qa6 19. Qa2 1/2-1/2

[Event "Amposta Calbet Memorial"]
[Site "Amposta"]
[Date "2016.04.30"]
[Round "3"]
[White "Biosca Caballe, Nestor"]
[Black "Domingo Basora, Sergi"]
[Result "0-1"]
[WhiteElo "2010"]
[BlackElo "1945"]
[PlyCount "102"]
[EventDate "2016.04.16"]
[EventType "swiss"]
[EventRounds "8"]
[EventCountry "ESP"]
[SourceTitle "CBM 172 Extra"]
[Source "ChessBase"]
[SourceDate "2016.06.21"]
[SourceVersion "1"]
[SourceVersionDate "2016.06.21"]
[SourceQuality "1"]

1. e4 g6 2. d4 Bg7 3. c3 c5 4. dxc5 Nc6 5. Be3 Nf6 6. f3 a5 7. Bb5 0-0 8. Na3 Qc7 9. Nc4 Rd8 10. Nb6 Rb8 11. Nd5 Nxd5 12. exd5 Qe5 13. Kf2 Na7 14. Ba4 Ra8 15. Ne2 Qb8 16. Qb3 Qc7 17. c6 dxc6 18. Bb6 Qd6 19. Bxd8 Qxd8 20. dxc6 b5 21. Bxb5 Qb6+ 22. Kf1 Qxb5 23. Qxb5 Nxb5 24. Rd1 Nd6 25. Kf2 Ra6 26. Nf4 Rxc6 27. Nd5 Kf8 28. Rhe1 e6 29. Ne3 Ba6 30. Rd2 Bh6 31. Rd4 Bxe3+ 32. Rxe3 Nf5 33. Rd8+ Ke7 34. Red3 Bxd3 35. Rxd3 Rd6 36. Rxd6 Nxd6 37. a4 Nc4 38. b4 Nb6 39. bxa5 Nxa4 40. a6 Nb6 41. Ke3 Kd6 42. Kd4 e5+ 43. Kd3 f5 44. c4 Kc5 45. a7 Kc6 46. g4 Kb7 47. c5 Nc8 48. Kc4 Nxa7 49. Kd5 Nc6 50. g5 Kc7 51. h4 Kd7 0-1

[Event "Amposta Calbet Memorial"]
[Site "Amposta"]
[Date "2016.04.23"]
[Round "2"]
[White "Domingo Basora, Sergi"]
[Black "Guasch Murtra, Josep Maria"]
[Result "1/2-1/2"]
[WhiteElo "1945"]
[BlackElo "1990"]
[PlyCount "67"]
[EventDate "2016.04.16"]
[EventType "swiss"]
[EventRounds "8"]
[EventCountry "ESP"]
[SourceTitle "CBM 172 Extra"]
[Source "ChessBase"]
[SourceDate "2016.06.21"]
[SourceVersion "1"]
[SourceVersionDate "2016.06.21"]
[SourceQuality "1"]

1. d4 Nf6 2. c4 e5 3. dxe5 Ng4 4. Bf4 g5 5. Bg3 Bg7 6. Nf3 Nc6 7. Nc3 Ngxe5 8. e3 d6 9. Nd4 0-0 10. Be2 Nxd4 11. exd4 Nc6 12. d5 Nd4 13. 0-0 Nxe2+ 14. Qxe2 Bf5 15. Qd2 a6 16. f3 Re8 17. Rae1 Qf6 18. Bf2 Qg6 19. Rxe8+ Rxe8 20. Re1 Rxe1+ 21. Qxe1 Kf8 22. c5 Be5 23. cxd6 Qxd6 24. Bg3 Qc5+ 25. Bf2 Qd6 26. Bg3 Bxg3 27. hxg3 Qb6+ 28. Qf2 Qxf2+ 29. Kxf2 Ke7 30. Ke3 h6 31. Kd4 Bd7 32. Kc5 b6+ 33. Kd4 f6 34. a3 1/2-1/2